History Quiz

Random History or Clickable Quiz

'G' American History Figures Quiz Stats

 Plays Quiz Updated Jul 27, 2017

Support Sporcle.
Go Orange.
Score 0/20 Timer 04:00
0 Plays Today
% Correct
Bill Gates
94.4%
Judy Garland
94.2%
Al Gore
93.4%
Geronimo
92.7%
James Garfield
91.7%
Ulysses S. Grant
91.1%
John Glenn
90.7%
Ruth Bader Ginsburg
85.2%
Newt Gingrich
84.4%
Angelina and Sarah Grimké
83.8%
% Correct
Gabrielle Giffords
82.1%
Barry Goldwater
81.6%
Billy Graham
79%
Alan Greenspan
76.6%
Horace Greeley
59.9%
Nathanael Greene
55.8%
Charles J. Guiteau
53%
Samuel Gompers
49%
John Nance Garner
44.9%
William Lloyd Garrison
42.7%

You're not logged in!

Compare scores with friends on all Sporcle quizzes.
OR
Log In
Forgot?

From the Vault

Hollywood Squares IX

by big8dog88

Well, you're probably not too square if you're a star in Hollywood.
Remove Ads.
Support Sporcle.
Get the best of Sporcle when you Go Orange. This ad-free experience offers more features, more stats, and more fun while also helping to support Sporcle. Thank you for becoming a member.

Show Comments

Extras

Top Quizzes Today


Score Distribution

Your Account Isn't Verified!

In order to create a playlist on Sporcle, you need to verify the email address you used during registration. Go to your Sporcle Settings to finish the process.

Report this User

Report this user for behavior that violates our Community Guidelines.

Details: